|
|
|
|
| LEADER |
00000nam0a2200000 4500 |
| 001 |
230989 |
| 005 |
20231101231038.0 |
| 010 |
|
|
|a 9785710326213
|
| 035 |
|
|
|a (RuTPU)RU\TPU\book\252004
|
| 090 |
|
|
|a 230989
|
| 100 |
|
|
|a 20130129d2012 k y0rusy50 ca
|
| 101 |
0 |
|
|a rus
|
| 102 |
|
|
|a RU
|
| 105 |
|
|
|a y z 001zy
|
| 200 |
1 |
|
|a Национальный исследовательский университет: обретение статуса и некоторые вопросы развития
|e к выступлению на совете ректоров вузов Приволжского Федерального округа, Нижний Новгород, 23 мая 2012 г.
|f Н. П. Макаркин
|g Мордовский государственный университет им. Н. П. Огарева
|
| 210 |
|
|
|a Саранск
|c Изд-во Мордовского ун-та
|d 2012
|
| 215 |
|
|
|a 48 с.
|
| 320 |
|
|
|a Библиогр.: с. 42.
|
| 330 |
|
|
|a В брошюре на примере Мордовского государственного университета имени Н. П. Огарёва раскрываются предпосылки, создающие вузам условия для получения категории «национальный исследовательский университет» (НИУ). Рассматриваются перспективные направления развития университета и влияние внешней и внутренней среды на эффективность реализации программ развития НИУ. Для работников системы высшего образования, студентов, всех интересующихся проблемами развития вузов.
|
| 606 |
1 |
|
|a Университеты
|2 stltpush
|3 (RuTPU)RU\TPU\subj\63052
|9 80100
|
| 610 |
1 |
|
|a образование
|
| 610 |
1 |
|
|a высшее образование
|
| 610 |
1 |
|
|a Приволжский Федеральный округ
|
| 610 |
1 |
|
|a университетское образование
|
| 610 |
1 |
|
|a исследовательские центры
|
| 610 |
1 |
|
|a НИР
|
| 686 |
|
|
|a Ч484(2)71
|v LBC/SL-A
|2 rubbk
|
| 700 |
|
1 |
|a Макаркин
|b Н. П.
|g Николай Петрович
|
| 712 |
0 |
2 |
|a Мордовский государственный университет им. Н. П. Огарева
|c (Саранск)
|2 stltpush
|3 (RuTPU)RU\TPU\col\6661
|9 24254
|
| 801 |
|
1 |
|a RU
|b 63413507
|c 20130129
|
| 801 |
|
2 |
|a RU
|b 63413507
|c 20130204
|g RCR
|
| 942 |
|
|
|c BK
|